Asymptotic theory of statistical inference for time series

Uloženo v:
Podrobná bibliografie
Hlavní autoři: Taniguchi, Masanobu (Autor), Kakizawa, Yoshihide (Autor)
Médium: Kniha
Jazyk:angličtina
Vydáno: Nueva York Springer 2000
Edice:Springer Series in Statistics
Témata:
Tagy: Přidat tag
Žádné tagy, Buďte první, kdo vytvoří štítek k tomuto záznamu!

MARC

LEADER 00000nam a2200000 a 4500
001 UCI6745
003 CL-VaPUC
008 080523e20000000US |||||||||||||||||eng|d
020 |a 0387950397 
082 0 4 |a 519.55  |b TAN  |2 21 
100 0 |a Taniguchi, Masanobu  |e author  |9 529730 
700 0 |a Kakizawa, Yoshihide  |e author  |9 529731 
245 1 0 |a Asymptotic theory of statistical inference for time series 
300 |a 661 p 
942 |c BK 
945 |d 20080523 00:00:00  |a jtorresc 
260 |a Nueva York  |b Springer  |c 2000 
650 0 |a Análisis de series de tiempo   |9 260363 
650 0 |a Procesos estocásticos   |9 260364 
650 0 |a Estadística matemática  |9 260028 
583 |a last modification  |c 20080523 00:00:00  |k Rodrigo Vera 
490 0 |a Springer Series in Statistics 
999 |c 330194  |d 330192 
952 |0 0  |1 0  |4 0  |6 519_550000000000000_TAN_2000  |7 0  |8 A  |9 415620  |a BIBGIM  |b BIBGIM  |d 2019-11-22  |i 4441842  |o 519.55 TAN 2000  |p 4441842  |r 2025-01-15  |w 2019-11-22  |y BK  |k EST